000 00354nam a2200133Ia 4500
008 240624s9999 xx 000 0 und d
041 _aeng
082 _a338.04 GRE
100 _aGREENBURG ZACK O MALLEY
245 _aA LIST ANGELS HOW A BAND OF ACTORS ARTIS
260 _c2020
_aNew York
_bLittle Brown and Company
300 _a259 p.
365 _c
_b33
999 _c32547
_d32547